[Event "7th Arber Senior Cup"]
[Site "chess24.com"]
[Date "2019.07.28"]
[Round "2"]
[White "Neubauer, Jaroslaus"]
[Black "Pirrot, Dieter"]
[Result "1/2-1/2"]
[Board "1"]
[WhiteElo "2014"]
[WhiteCountry "GER"]
[WhiteFideId "4688368"]
[WhiteEloChange "7"]
[BlackElo "2315"]
[BlackTitle "IM"]
[BlackCountry "GER"]
[BlackFideId "4601157"]
[BlackEloChange "-7"]

1. e4 {[%clk 2:10:54]} e5 {[%clk 2:10:08]} 2. Nf3 {[%clk 2:11:12]} Nc6 {[%clk
2:09:32]} 3. Bc4 {[%clk 2:11:29]} Nf6 {[%clk 2:09:28]} 4. d4 {[%clk 2:10:43]}
exd4 {[%clk 2:09:38]} 5. O-O {[%clk 2:10:33]} Nxe4 {[%clk 2:09:37]} 6. Re1 {[%clk
2:09:18]} d5 {[%clk 2:09:55]} 7. Bxd5 {[%clk 2:06:38]} Qxd5 {[%clk 2:10:15]} 8.
Nc3 {[%clk 2:06:51]} Qd7 {[%clk 2:03:21]} 9. Nxe4 {[%clk 2:06:32]} Be7 {[%clk
2:03:30]} 10. Bg5 {[%clk 2:05:27]} O-O {[%clk 2:03:41]} 11. Bxe7 {[%clk 2:05:28]}
Qxe7 {[%clk 2:03:40]} 12. Nxd4 {[%clk 2:04:22]} Bd7 {[%clk 2:03:46]} 13. Ng3
{[%clk 1:59:05]} Qf6 {[%clk 1:57:23]} 14. Nxc6 {[%clk 1:40:10]} Bxc6 {[%clk
1:57:36]} 15. c3 {[%clk 1:40:19]} Rad8 {[%clk 1:51:51]} 16. Qc2 {[%clk 1:40:31]}
g6 {[%clk 1:48:27]} 17. Rad1 {[%clk 1:39:48]} h5 {[%clk 1:35:27]} 18. Rxd8 {[%clk
1:14:18]} Rxd8 {[%clk 1:35:29]} 19. h3 {[%clk 1:08:27]} Qg5 {[%clk 1:07:46]} 20.
Ne4 {[%clk 1:04:25]} Qf4 {[%clk 1:07:56]} 21. f3 {[%clk 0:59:05]} Re8 {[%clk
1:02:02]} 22. Qf2 {[%clk 0:52:03]} Qe5 {[%clk 0:56:40]} 23. Qd4 {[%clk 0:41:57]}
Qxd4+ {[%clk 0:47:46]} 24. cxd4 {[%clk 0:42:10]} Kg7 {[%clk 0:47:19]} 25. Kf2
{[%clk 0:42:21]} h4 {[%clk 0:46:56]} 26. Nc3 {[%clk 0:41:14]} Rd8 {[%clk
0:44:30]} 27. Rd1 {[%clk 0:40:26]} Bd5 {[%clk 0:44:43]} 28. a3 {[%clk 0:39:58]}
a5 {[%clk 0:40:41]} 29. Ke3 {[%clk 0:38:10]} f5 {[%clk 0:40:20]} 30. Nxd5 {[%clk
0:37:56]} Rxd5 {[%clk 0:40:40]} 31. Rc1 {[%clk 0:38:15]} c6 {[%clk 0:40:49]} 32.
Rc5 {[%clk 0:38:41]} Rxc5 {[%clk 0:28:42]} 33. dxc5 {[%clk 0:38:55]} g5 {[%clk
0:29:02]} 34. f4 {[%clk 0:37:33]} g4 {[%clk 0:21:51]} 35. Kd4 {[%clk 0:37:51]}
Kf6 {[%clk 0:22:07]} 36. b4 {[%clk 0:34:58]} axb4 {[%clk 0:21:31]} 37. axb4
{[%clk 0:35:15]} Ke6 {[%clk 0:21:00]} 38. Kc4 {[%clk 0:35:25]} Kf6 {[%clk
0:21:05]} 39. b5 {[%clk 0:30:03]} Ke6 {[%clk 0:21:11]} 40. bxc6 {[%clk 0:30:18]}
bxc6 {[%clk 0:21:34]} 41. Kd4 {[%clk 0:30:26]} Kf6 {[%clk 0:21:52]} 42. Kc4
{[%clk 0:30:29]} Ke6 {[%clk 0:22:14]} 43. Kd4 {[%clk 0:30:45]} 1/2-1/2

[Event "7th Arber Senior Cup"]
[Site "chess24.com"]
[Date "2019.07.28"]
[Round "2"]
[White "Steiger, Michael"]
[Black "Blechzin, Igor"]
[Result "0-1"]
[Board "2"]
[WhiteElo "2016"]
[WhiteCountry "GER"]
[WhiteFideId "12912000"]
[WhiteEloChange "-5"]
[BlackElo "2221"]
[BlackTitle "IM"]
[BlackCountry "RUS"]
[BlackFideId "4116208"]
[BlackEloChange "5"]

1. c4 {[%clk 2:10:55]} e5 {[%clk 2:10:25]} 2. Nc3 {[%clk 2:10:31]} Nf6 {[%clk
2:10:48]} 3. g3 {[%clk 2:09:15]} d5 {[%clk 2:08:02]} 4. cxd5 {[%clk 2:09:12]}
Nxd5 {[%clk 2:08:23]} 5. Bg2 {[%clk 2:08:52]} Nb6 {[%clk 2:08:41]} 6. Nf3 {[%clk
2:06:45]} Nc6 {[%clk 2:09:01]} 7. O-O {[%clk 2:06:30]} Be7 {[%clk 2:09:20]} 8. a3
{[%clk 2:05:50]} a5 {[%clk 2:07:01]} 9. d3 {[%clk 1:57:19]} O-O {[%clk 2:06:39]}
10. Be3 {[%clk 1:57:10]} Be6 {[%clk 1:59:49]} 11. d4 {[%clk 1:24:31]} exd4 {[%clk
1:59:44]} 12. Nxd4 {[%clk 1:24:57]} Nxd4 {[%clk 2:00:01]} 13. Bxd4 {[%clk
1:24:13]} c5 {[%clk 1:51:32]} 14. Be3 {[%clk 1:22:43]} Nc4 {[%clk 1:51:01]} 15.
Bxb7 {[%clk 1:17:00]} Nxe3 {[%clk 1:49:12]} 16. fxe3 {[%clk 1:17:01]} Rb8 {[%clk
1:46:42]} 17. Bf3 {[%clk 0:57:12]} Rxb2 {[%clk 1:45:57]} 18. Nd5 {[%clk 0:55:54]}
Bxd5 {[%clk 1:34:23]} 19. Bxd5 {[%clk 0:55:20]} Qc7 {[%clk 1:33:21]} 20. Qc1
{[%clk 0:38:11]} Qe5 {[%clk 1:31:13]} 21. e4 {[%clk 0:37:04]} Rxe2 {[%clk
1:26:36]} 22. Qc4 {[%clk 0:26:15]} Qd4+ {[%clk 1:21:14]} 23. Qxd4 {[%clk
0:26:30]} cxd4 {[%clk 1:21:39]} 24. Rab1 {[%clk 0:26:35]} d3 {[%clk 1:16:50]} 25.
Bc4 {[%clk 0:14:15]} Rxe4 {[%clk 1:13:34]} 26. Bxd3 {[%clk 0:14:32]} Ra4 {[%clk
1:08:50]} 27. Rb7 {[%clk 0:11:28]} Bxa3 {[%clk 1:08:28]} 28. Kg2 {[%clk 0:11:28]}
Rd4 {[%clk 1:07:49]} 29. Bb1 {[%clk 0:10:53]} Rd2+ {[%clk 1:05:57]} 30. Kh3
{[%clk 0:11:13]} Re2 {[%clk 1:05:04]} 31. Ra7 {[%clk 0:09:37]} Bb4 {[%clk
1:04:57]} 32. Ra6 {[%clk 0:06:47]} g6 {[%clk 1:04:13]} 33. Bd3 {[%clk 0:07:05]}
Re7 {[%clk 1:04:09]} 34. Bc4 {[%clk 0:07:19]} Kg7 {[%clk 1:04:31]} 35. Kg2 {[%clk
0:07:24]} Rc8 {[%clk 1:04:06]} 36. Bb3 {[%clk 0:07:39]} Rc3 {[%clk 1:04:10]} 37.
Ba4 {[%clk 0:05:38]} f5 {[%clk 1:04:10]} 0-1

[Event "7th Arber Senior Cup"]
[Site "chess24.com"]
[Date "2019.07.28"]
[Round "2"]
[White "Oberhofer, Max"]
[Black "Fleuch, Hans-Juergen"]
[Result "0-1"]
[Board "3"]
[WhiteElo "2187"]
[WhiteCountry "GER"]
[WhiteFideId "4622227"]
[WhiteEloChange "-16"]
[BlackElo "1951"]
[BlackCountry "GER"]
[BlackFideId "4619617"]
[BlackEloChange "16"]

1. d4 {[%clk 2:10:46]} d6 {[%clk 2:11:00]} 2. Nf3 {[%clk 2:11:05]} Nd7 {[%clk
2:11:19]} 3. g3 {[%clk 2:11:17]} g6 {[%clk 2:11:22]} 4. Bg2 {[%clk 2:09:55]} Bg7
{[%clk 2:11:40]} 5. c4 {[%clk 2:09:49]} Ngf6 {[%clk 2:07:56]} 6. Nc3 {[%clk
2:09:48]} O-O {[%clk 2:08:11]} 7. O-O {[%clk 2:09:23]} Rb8 {[%clk 2:07:40]} 8. e4
{[%clk 2:04:12]} e5 {[%clk 2:02:31]} 9. d5 {[%clk 2:01:59]} Nc5 {[%clk 2:01:10]}
10. Qc2 {[%clk 2:02:11]} a5 {[%clk 2:00:45]} 11. a3 {[%clk 2:02:25]} a4 {[%clk
2:00:09]} 12. Be3 {[%clk 1:59:40]} Nb3 {[%clk 1:59:03]} 13. Rad1 {[%clk 1:59:09]}
Bd7 {[%clk 1:58:45]} 14. h3 {[%clk 1:50:08]} Nh5 {[%clk 1:55:14]} 15. Nb5 {[%clk
1:27:46]} b6 {[%clk 1:49:50]} 16. Nd2 {[%clk 1:23:32]} f5 {[%clk 1:42:23]} 17.
Nxb3 {[%clk 1:17:06]} axb3 {[%clk 1:41:01]} 18. Qxb3 {[%clk 1:17:27]} f4 {[%clk
1:41:14]} 19. Bc1 {[%clk 1:17:39]} f3 {[%clk 1:35:34]} 20. Bxf3 {[%clk 1:17:19]}
Bxh3 {[%clk 1:35:49]} 21. Bg2 {[%clk 1:17:19]} Qd7 {[%clk 1:29:27]} 22. Qe3
{[%clk 1:15:50]} Bxg2 {[%clk 1:24:48]} 23. Kxg2 {[%clk 1:16:16]} Qg4 {[%clk
1:24:48]} 24. Rh1 {[%clk 1:08:31]} 0-1

[Event "7th Arber Senior Cup"]
[Site "chess24.com"]
[Date "2019.07.28"]
[Round "2"]
[White "Gerl, Hans, Dr."]
[Black "Lorenc, Tomas"]
[Result "0-1"]
[Board "4"]
[WhiteElo "1955"]
[WhiteCountry "GER"]
[WhiteFideId "4659236"]
[WhiteEloChange "-5"]
[BlackElo "2158"]
[BlackCountry "CZE"]
[BlackFideId "313203"]
[BlackEloChange "5"]

1. d4 {[%clk 2:10:30]} Nf6 {[%clk 2:10:30]} 2. c4 {[%clk 2:10:30]} c5 {[%clk
2:10:30]} 3. d5 {[%clk 2:10:30]} b5 {[%clk 2:10:30]} 4. cxb5 {[%clk 2:10:30]} a6
{[%clk 2:10:30]} 5. b6 {[%clk 2:11:02]} e6 {[%clk 2:12:30]} 6. Nc3 {[%clk
2:10:49]} exd5 {[%clk 2:12:47]} 7. Nxd5 {[%clk 2:10:12]} Nxd5 {[%clk 2:13:13]} 8.
Qxd5 {[%clk 2:10:23]} Nc6 {[%clk 2:13:32]} 9. a3 {[%clk 2:01:25]} Be7 {[%clk
2:07:37]} 10. Nf3 {[%clk 1:53:27]} O-O {[%clk 2:05:54]} 11. e3 {[%clk 1:46:12]}
Bb7 {[%clk 2:00:58]} 12. Qh5 {[%clk 1:41:45]} Na5 {[%clk 1:54:53]} 13. Bd3 {[%clk
1:41:45]} g6 {[%clk 1:54:53]} 14. Qg4 {[%clk 1:32:43]} d5 {[%clk 1:29:46]} 15. h4
{[%clk 1:30:21]} Nb3 {[%clk 1:16:37]} 16. Rb1 {[%clk 1:28:03]} Qxb6 {[%clk
1:12:54]} 17. Bd2 {[%clk 1:19:40]} Rae8 {[%clk 1:02:15]} 18. h5 {[%clk 1:12:51]}
Bc8 {[%clk 0:51:13]} 19. Qf4 {[%clk 1:11:17]} Qf6 {[%clk 0:49:54]} 20. Qh6 {[%clk
1:04:55]} Qg7 {[%clk 0:49:24]} 21. Qxg7+ {[%clk 1:00:41]} Kxg7 {[%clk 0:49:52]}
22. Kf1 {[%clk 0:59:11]} Nxd2+ {[%clk 0:46:55]} 23. Nxd2 {[%clk 0:59:29]} f5
{[%clk 0:45:21]} 24. hxg6 {[%clk 0:57:15]} hxg6 {[%clk 0:45:40]} 25. g3 {[%clk
0:57:29]} Bb7 {[%clk 0:44:39]} 26. Rh2 {[%clk 0:54:07]} Bf6 {[%clk 0:41:13]} 27.
Be2 {[%clk 0:53:29]} Re6 {[%clk 0:38:18]} 28. Nb3 {[%clk 0:52:38]} Rc8 {[%clk
0:34:31]} 29. Bf3 {[%clk 0:47:33]} Rb6 {[%clk 0:32:39]} 30. Na5 {[%clk 0:46:46]}
Ba8 {[%clk 0:32:16]} 31. b4 {[%clk 0:45:01]} Bc3 {[%clk 0:23:37]} 32. Rd1 {[%clk
0:42:15]} cxb4 {[%clk 0:23:13]} 33. axb4 {[%clk 0:39:38]} Rxb4 {[%clk 0:21:11]}
34. Bxd5 {[%clk 0:39:24]} Rd8 {[%clk 0:20:49]} 35. Rc1 {[%clk 0:36:43]} Rxd5
{[%clk 0:20:27]} 36. Rxc3 {[%clk 0:36:47]} Rxa5 {[%clk 0:20:32]} 37. Rc7+ {[%clk
0:35:02]} Kf6 {[%clk 0:20:50]} 38. Rh8 {[%clk 0:34:14]} Bf3 {[%clk 0:20:56]} 39.
Ke1 {[%clk 0:33:34]} Ra2 {[%clk 0:20:35]} 40. Rc1 {[%clk 0:32:30]} Rbb2 {[%clk
0:20:43]} 41. Rd8 {[%clk 0:31:17]} Rxf2 {[%clk 0:20:43]} 42. Rd6+ {[%clk
0:31:02]} Kg5 {[%clk 0:20:53]} 43. Rxa6 {[%clk 0:30:53]} Rae2+ {[%clk 0:21:11]}
0-1

[Event "7th Arber Senior Cup"]
[Site "chess24.com"]
[Date "2019.07.28"]
[Round "2"]
[White "Koehler, Gerhard, Dr."]
[Black "Schmidt, Matthias"]
[Result "1-0"]
[Board "5"]
[WhiteElo "2197"]
[WhiteCountry "GER"]
[WhiteFideId "12909700"]
[WhiteEloChange "4"]
[BlackElo "1949"]
[BlackCountry "GER"]
[BlackFideId "4693043"]
[BlackEloChange "-4"]

1. c4 {[%clk 2:10:57]} Nf6 {[%clk 2:10:48]} 2. Nc3 {[%clk 2:11:19]} c5 {[%clk
2:10:48]} 3. g3 {[%clk 2:11:28]} g6 {[%clk 2:11:07]} 4. Bg2 {[%clk 2:11:48]} Bg7
{[%clk 2:11:29]} 5. a3 {[%clk 2:11:59]} Nc6 {[%clk 2:10:30]} 6. Rb1 {[%clk
2:12:12]} a5 {[%clk 2:05:00]} 7. d3 {[%clk 2:08:23]} O-O {[%clk 2:03:03]} 8. e4
{[%clk 2:04:36]} d6 {[%clk 2:01:55]} 9. Nge2 {[%clk 2:04:59]} Bd7 {[%clk
1:58:17]} 10. O-O {[%clk 2:04:27]} Qc8 {[%clk 1:52:06]} 11. f3 {[%clk 1:53:31]}
Rb8 {[%clk 1:45:20]} 12. Be3 {[%clk 1:51:10]} b6 {[%clk 1:40:54]} 13. b3 {[%clk
1:47:52]} Re8 {[%clk 1:37:36]} 14. d4 {[%clk 1:46:31]} cxd4 {[%clk 1:37:18]} 15.
Nxd4 {[%clk 1:46:58]} Nxd4 {[%clk 1:36:17]} 16. Bxd4 {[%clk 1:47:26]} Nh5 {[%clk
1:33:27]} 17. Nd5 {[%clk 1:33:40]} Bxd4+ {[%clk 1:32:05]} 18. Qxd4 {[%clk
1:34:08]} Qc5 {[%clk 1:26:46]} 19. Rfd1 {[%clk 1:33:12]} Bc6 {[%clk 1:20:38]} 20.
b4 {[%clk 1:30:19]} Qxd4+ {[%clk 1:20:21]} 21. Rxd4 {[%clk 1:30:47]} Bxd5 {[%clk
1:19:15]} 22. cxd5 {[%clk 1:30:37]} Nf6 {[%clk 1:18:01]} 23. Bh3 {[%clk 1:30:43]}
Red8 {[%clk 1:17:04]} 24. Kf2 {[%clk 1:28:05]} Kf8 {[%clk 1:16:52]} 25. Rc4
{[%clk 1:25:10]} b5 {[%clk 1:09:12]} 26. Rc3 {[%clk 1:20:45]} Ra8 {[%clk
1:08:13]} 27. Ke3 {[%clk 1:09:58]} e6 {[%clk 1:08:17]} 28. dxe6 {[%clk 1:07:41]}
d5 {[%clk 1:08:33]} 29. Rd1 {[%clk 1:07:37]} axb4 {[%clk 1:06:13]} 30. axb4
{[%clk 1:07:47]} Ra2 {[%clk 0:56:23]} 31. exf7 {[%clk 1:06:10]} Rxh2 {[%clk
0:56:18]} 32. Be6 {[%clk 1:04:54]} Rb2 {[%clk 0:55:42]} 33. Rd4 {[%clk 1:03:30]}
Ke7 {[%clk 0:53:38]} 34. exd5 {[%clk 1:02:26]} g5 {[%clk 0:51:11]} 35. Rc7+
{[%clk 0:56:14]} Kd6 {[%clk 0:51:00]} 36. Rc8 {[%clk 0:54:20]} Rb3+ {[%clk
0:48:13]} 37. Kf2 {[%clk 0:52:40]} Rb2+ {[%clk 0:48:03]} 38. Kg1 {[%clk 0:52:48]}
Rxc8 {[%clk 0:47:31]} 39. Bxc8 {[%clk 0:53:16]} Ke7 {[%clk 0:46:57]} 40. Be6
{[%clk 0:53:33]} 1-0

[Event "7th Arber Senior Cup"]
[Site "chess24.com"]
[Date "2019.07.28"]
[Round "2"]
[White "Halli, Gerhard"]
[Black "Glaessl, Matthias"]
[Result "0-1"]
[Board "6"]
[WhiteElo "1955"]
[WhiteCountry "GER"]
[WhiteFideId "12960780"]
[WhiteEloChange "-5"]
[BlackElo "2148"]
[BlackCountry "GER"]
[BlackFideId "16253507"]
[BlackEloChange "5"]

1. d4 {[%clk 2:10:56]} Nf6 {[%clk 2:10:56]} 2. Bf4 {[%clk 2:10:07]} e6 {[%clk
2:06:57]} 3. e3 {[%clk 2:09:35]} d6 {[%clk 2:03:20]} 4. Bd3 {[%clk 2:07:47]} Nbd7
{[%clk 2:03:20]} 5. Nf3 {[%clk 2:05:05]} Qe7 {[%clk 2:02:26]} 6. e4 {[%clk
1:59:11]} e5 {[%clk 2:02:27]} 7. dxe5 {[%clk 1:59:24]} Nxe5 {[%clk 2:00:26]} 8.
Nxe5 {[%clk 1:49:08]} dxe5 {[%clk 2:00:47]} 9. Bd2 {[%clk 1:47:31]} c6 {[%clk
1:58:36]} 10. Qe2 {[%clk 1:45:14]} Qc7 {[%clk 1:57:59]} 11. Bc3 {[%clk 1:42:01]}
Be6 {[%clk 1:52:58]} 12. Nd2 {[%clk 1:41:16]} Nd7 {[%clk 1:53:14]} 13. a4 {[%clk
1:37:13]} Nc5 {[%clk 1:43:22]} 14. Bc4 {[%clk 1:36:24]} Be7 {[%clk 1:34:15]} 15.
Qh5 {[%clk 1:27:04]} Bf6 {[%clk 1:29:47]} 16. Qe2 {[%clk 1:25:45]} Bxc4 {[%clk
1:22:10]} 17. Nxc4 {[%clk 1:22:33]} Ne6 {[%clk 1:22:10]} 18. Ne3 {[%clk 1:20:31]}
O-O-O {[%clk 1:14:12]} 19. O-O {[%clk 1:18:26]} Nd4 {[%clk 1:12:48]} 20. Qc4
{[%clk 1:17:24]} h5 {[%clk 1:10:01]} 21. Rfd1 {[%clk 1:15:50]} Ne6 {[%clk
1:04:06]} 22. b4 {[%clk 1:15:50]} Rxd1+ {[%clk 1:03:48]} 23. Rxd1 {[%clk
1:15:36]} Rd8 {[%clk 0:59:39]} 24. Rxd8+ {[%clk 0:51:19]} Kxd8 {[%clk 0:59:39]}
25. Qd3+ {[%clk 0:51:31]} Qd7 {[%clk 0:55:40]} 26. Qxd7+ {[%clk 0:51:31]} Kxd7
{[%clk 0:56:03]} 27. Bd2 {[%clk 0:51:38]} Bg5 {[%clk 0:53:07]} 28. c3 {[%clk
0:49:39]} a5 {[%clk 0:45:31]} 29. f3 {[%clk 0:49:39]} axb4 {[%clk 0:45:31]} 30.
cxb4 {[%clk 0:49:39]} Bxe3+ {[%clk 0:40:53]} 31. Bxe3 {[%clk 0:45:39]} c5 {[%clk
0:38:06]} 32. b5 {[%clk 0:43:45]} b6 {[%clk 0:38:23]} 33. h4 {[%clk 0:40:30]} Kd6
{[%clk 0:35:52]} 34. Kf1 {[%clk 0:39:45]} Nd4 {[%clk 0:35:52]} 35. Bc1 {[%clk
0:38:23]} f5 {[%clk 0:32:58]} 36. exf5 {[%clk 0:38:32]} Nxf5 {[%clk 0:33:26]} 37.
Ke2 {[%clk 0:37:19]} Kd5 {[%clk 0:33:17]} 38. Kd3 {[%clk 0:37:21]} Nd6 {[%clk
0:30:52]} 39. Bg5 {[%clk 0:37:23]} c4+ {[%clk 0:29:19]} 40. Kc2 {[%clk 0:37:42]}
Nb7 {[%clk 0:29:43]} 41. Be3 {[%clk 0:36:54]} Nc5 {[%clk 0:30:00]} 42. Kc3 {[%clk
0:34:50]} Nxa4+ {[%clk 0:30:22]} 43. Kb4 {[%clk 0:35:18]} Nc5 {[%clk 0:26:49]}
44. Bxc5 {[%clk 0:35:43]} bxc5+ {[%clk 0:27:15]} 45. Kc3 {[%clk 0:36:09]} e4
{[%clk 0:27:38]} 46. Kc2 {[%clk 0:36:28]} Kd6 {[%clk 0:27:34]} 47. Kc3 {[%clk
0:36:55]} Kc7 {[%clk 0:27:50]} 48. Kxc4 {[%clk 0:37:16]} Kb6 {[%clk 0:28:19]} 49.
Kd5 {[%clk 0:37:40]} Kxb5 {[%clk 0:28:40]} 50. Kxe4 {[%clk 0:38:10]} Kb4 {[%clk
0:28:23]} 51. Kd3 {[%clk 0:38:15]} Kb3 {[%clk 0:28:47]} 52. Kd2 {[%clk 0:38:40]}
c4 {[%clk 0:27:42]} 53. Kc1 {[%clk 0:39:03]} Kc3 {[%clk 0:28:26]} 54. g3 {[%clk
0:39:27]} Kd3 {[%clk 0:28:26]} 55. g4 {[%clk 0:39:53]} g6 {[%clk 0:27:57]} 56.
gxh5 {[%clk 0:39:53]} gxh5 {[%clk 0:28:26]} 57. f4 {[%clk 0:37:58]} Ke4 {[%clk
0:28:49]} 58. Kd2 {[%clk 0:38:24]} Kxf4 {[%clk 0:29:15]} 59. Kc3 {[%clk 0:38:50]}
Kg4 {[%clk 0:29:39]} 60. Kxc4 {[%clk 0:39:16]} Kxh4 {[%clk 0:30:05]} 61. Kd4
{[%clk 0:39:16]} 0-1

[Event "7th Arber Senior Cup"]
[Site "chess24.com"]
[Date "2019.07.28"]
[Round "2"]
[White "Korte, Markus"]
[Black "Wolff, Peter"]
[Result "1-0"]
[Board "17"]
[WhiteElo "2028"]
[WhiteCountry "GER"]
[WhiteFideId "4615620"]
[WhiteEloChange "7"]
[BlackElo "1915"]
[BlackCountry "GER"]
[BlackFideId "4655613"]
[BlackEloChange "-7"]

1. e4 {[%clk 2:09:01]} c6 {[%clk 2:10:57]} 2. d4 {[%clk 2:07:49]} d5 {[%clk
2:11:20]} 3. Nc3 {[%clk 2:07:49]} dxe4 {[%clk 2:11:43]} 4. Nxe4 {[%clk 2:08:12]}
Bf5 {[%clk 2:12:04]} 5. Ng3 {[%clk 2:08:35]} Bg6 {[%clk 2:12:24]} 6. Nf3 {[%clk
2:08:59]} Nd7 {[%clk 2:12:43]} 7. Bc4 {[%clk 2:09:06]} e6 {[%clk 2:12:13]} 8. O-O
{[%clk 2:09:13]} Ngf6 {[%clk 2:11:06]} 9. Re1 {[%clk 2:09:22]} Be7 {[%clk
2:04:14]} 10. Nh4 {[%clk 2:05:04]} O-O {[%clk 2:03:46]} 11. Nxg6 {[%clk 2:03:25]}
hxg6 {[%clk 2:04:09]} 12. c3 {[%clk 2:03:44]} Nb6 {[%clk 1:59:34]} 13. Bf1 {[%clk
2:01:15]} c5 {[%clk 1:56:50]} 14. Be3 {[%clk 1:59:59]} Nbd5 {[%clk 1:55:15]} 15.
Bg5 {[%clk 1:56:23]} cxd4 {[%clk 1:54:42]} 16. Qxd4 {[%clk 1:52:05]} Qb6 {[%clk
1:53:16]} 17. Qxb6 {[%clk 1:42:54]} Nxb6 {[%clk 1:53:18]} 18. a4 {[%clk 1:41:23]}
a5 {[%clk 1:38:35]} 19. Be2 {[%clk 1:29:24]} Rfd8 {[%clk 1:31:09]} 20. Bf3 {[%clk
1:22:44]} Rd7 {[%clk 1:30:44]} 21. Re5 {[%clk 1:20:35]} Nfd5 {[%clk 1:22:07]} 22.
Bxe7 {[%clk 1:17:42]} Rxe7 {[%clk 1:17:00]} 23. Rae1 {[%clk 1:12:53]} Rc7 {[%clk
1:14:48]} 24. R1e2 {[%clk 1:00:50]} Rd8 {[%clk 0:59:40]} 25. h3 {[%clk 0:43:48]}
Nc4 {[%clk 0:47:34]} 26. R5e4 {[%clk 0:37:19]} Nf6 {[%clk 0:44:33]} 27. Rh4
{[%clk 0:30:22]} Nd2 {[%clk 0:40:52]} 28. Re5 {[%clk 0:27:05]} Nxf3+ {[%clk
0:39:10]} 29. gxf3 {[%clk 0:27:33]} Rd5 {[%clk 0:38:25]} 30. Rxd5 {[%clk
0:26:36]} Nxd5 {[%clk 0:38:13]} 31. Rd4 {[%clk 0:26:02]} Kf8 {[%clk 0:34:30]} 32.
Ne4 {[%clk 0:18:48]} Ke7 {[%clk 0:31:14]} 33. Nd2 {[%clk 0:16:26]} Nb6 {[%clk
0:28:24]} 34. Rg4 {[%clk 0:12:19]} Kf6 {[%clk 0:17:52]} 35. Ne4+ {[%clk 0:09:47]}
Ke7 {[%clk 0:18:01]} 36. Nd2 {[%clk 0:09:56]} Kf6 {[%clk 0:17:33]} 37. Kf1 {[%clk
0:09:00]} Nd5 {[%clk 0:13:16]} 38. Ke2 {[%clk 0:07:19]} Ke7 {[%clk 0:08:15]} 39.
Nb3 {[%clk 0:05:43]} b6 {[%clk 0:07:15]} 40. Nd2 {[%clk 0:04:25]} f5 {[%clk
0:05:31]} 41. Rh4 {[%clk 0:03:59]} g5 {[%clk 0:05:02]} 42. Rh8 {[%clk 0:03:34]}
Rc6 {[%clk 0:03:32]} 43. h4 {[%clk 0:03:00]} gxh4 {[%clk 0:03:29]} 44. Rxh4
{[%clk 0:03:20]} g5 {[%clk 0:03:39]} 45. Rh7+ {[%clk 0:03:37]} Kf6 {[%clk
0:03:58]} 46. Rh6+ {[%clk 0:02:41]} Kg7 {[%clk 0:04:14]} 47. Rh2 {[%clk 0:02:51]}
e5 {[%clk 0:03:48]} 48. Kd1 {[%clk 0:02:54]} Nf4 {[%clk 0:03:52]} 49. Kc2 {[%clk
0:02:54]} Rc5 {[%clk 0:02:16]} 50. Rh1 {[%clk 0:02:49]} Ne2 {[%clk 0:02:01]} 51.
Kb3 {[%clk 0:02:56]} Nf4 {[%clk 0:01:31]} 52. Nc4 {[%clk 0:02:39]} Nd5 {[%clk
0:00:55]} 53. Nd6 {[%clk 0:02:50]} Ne7 {[%clk 0:01:03]} 54. Rd1 {[%clk 0:02:47]}
Kg6 {[%clk 0:00:52]} 55. Nc4 {[%clk 0:02:54]} Kf7 {[%clk 0:00:37]} 56. Rd7 {[%clk
0:03:07]} Ke8 {[%clk 0:00:37]} 57. Rb7 {[%clk 0:02:53]} e4 {[%clk 0:00:37]} 58.
Nd6+ {[%clk 0:03:11]} Kf8 {[%clk 0:00:53]} 59. fxe4 {[%clk 0:03:11]} f4 {[%clk
0:00:41]} 60. Rxb6 {[%clk 0:02:43]} g4 {[%clk 0:01:03]} 61. Rb8+ {[%clk 0:02:07]}
Kg7 {[%clk 0:01:06]} 62. Re8 {[%clk 0:01:58]} Ng6 {[%clk 0:00:43]} 63. Nf5+
{[%clk 0:01:49]} Kf6 {[%clk 0:00:42]} 64. Rd8 {[%clk 0:01:30]} Re5 {[%clk
0:00:34]} 65. Rd6+ {[%clk 0:01:09]} Kg5 {[%clk 0:00:52]} 66. Rd4 {[%clk 0:00:48]}
Nh4 {[%clk 0:00:57]} 67. Nd6 {[%clk 0:00:31]} Kh5 {[%clk 0:00:58]} 68. Nc4 {[%clk
0:00:54]} Re6 {[%clk 0:01:00]} 69. Rd5+ {[%clk 0:01:14]} Kh6 {[%clk 0:01:06]} 70.
e5 {[%clk 0:01:29]} Nf5 {[%clk 0:01:08]} 71. Nd6 {[%clk 0:01:35]} Kg6 {[%clk
0:01:08]} 72. c4 {[%clk 0:01:40]} g3 {[%clk 0:01:02]} 73. fxg3 {[%clk 0:02:06]}
fxg3 {[%clk 0:01:28]} 74. Ne4 {[%clk 0:02:09]} g2 {[%clk 0:01:39]} 75. Rd1 {[%clk
0:02:25]} Rxe5 {[%clk 0:01:54]} 76. Rg1 {[%clk 0:01:53]} Ne3 {[%clk 0:01:54]} 77.
Ng3 {[%clk 0:01:06]} Rc5 {[%clk 0:01:47]} 78. Ne2 {[%clk 0:01:26]} Kg5 {[%clk
0:01:28]} 79. Kc3 {[%clk 0:01:39]} Rf5 {[%clk 0:01:05]} 80. Kd3 {[%clk 0:01:14]}
Rf3 {[%clk 0:00:53]} 81. Ke4 {[%clk 0:01:28]} Kg4 {[%clk 0:01:11]} 82. c5 {[%clk
0:01:17]} Rh3 {[%clk 0:00:44]} 83. c6 {[%clk 0:01:33]} Nf1 {[%clk 0:00:31]} 84.
Rxg2+ {[%clk 0:01:34]} Kh4 {[%clk 0:00:59]} 85. c7 {[%clk 0:01:21]} Re3+ {[%clk
0:01:12]} 86. Kf4 {[%clk 0:01:24]} Re8 {[%clk 0:01:29]} 87. Rg7 {[%clk 0:01:28]}
Rf8+ {[%clk 0:01:42]} 88. Ke5 {[%clk 0:01:46]} Nd2 {[%clk 0:01:49]} 89. Rd7
{[%clk 0:01:59]} Nc4+ {[%clk 0:02:07]} 90. Kd4 {[%clk 0:01:58]} Nb6 {[%clk
0:02:03]} 91. Rd8 {[%clk 0:02:14]} Rf2 {[%clk 0:01:39]} 92. Ke3 {[%clk 0:01:56]}
Rf6 {[%clk 0:01:07]} 93. c8Q {[%clk 0:01:20]} Nxc8 {[%clk 0:01:31]} 94. Rxc8
{[%clk 0:01:45]} Rb6 {[%clk 0:01:54]} 95. Rc2 {[%clk 0:01:34]} Rb3+ {[%clk
0:02:02]} 96. Kd2 {[%clk 0:01:14]} Kg4 {[%clk 0:02:15]} 97. Rc4+ {[%clk 0:01:36]}
Kh3 {[%clk 0:02:19]} 98. Rc3+ {[%clk 0:01:58]} 1-0